First certificate masterclass Student's Book

Gorde:
Xehetasun bibliografikoak
Egile nagusia: Haines, Simon
Beste egile batzuk: Stewart, Barbara
Formatua: Liburua
Hizkuntza:Vietnamese
Argitaratua: E. Oxford university press 1994
Gaiak:
Etiketak: Etiketa erantsi
Etiketarik gabe, Izan zaitez lehena erregistro honi etiketa jartzen!
Thư viện lưu trữ: Mạng thư viện Đại học Đà Nẵng
LEADER 01006nam a2200301 4500
001 000025018
003 21509
005 20170418140416.0
008 170414s1994 viesd
041 0 |a vie 
082 1 4 |a 428.2  |b HA-S 
100 1 |a Haines, Simon 
245 1 0 |a First certificate masterclass  |b Student's Book  |c Simon Haines, Barbara Stewart 
260 |a E.  |b Oxford university press  |c 1994 
300 |a 201 tr.  |b hình ảnh  |c 25 cm. 
650 0 4 |a English language  |x Study and teaching 
653 |a Tiếng Anh 
700 1 |a Stewart, Barbara 
OWN |a LSP 
AVA |a UDN50  |b LSP  |d 428.2 HA-S  |e available  |t Error 5001 Not defined in file expand_doc_bib_avail.  |f 1  |g 0  |h N  |i 0  |k 1 
999 |a From the UDN01 
AVA |a UDN50  |b LSP  |d 428.2 HA-S  |e available  |t Error 5001 Not defined in file expand_doc_bib_avail.  |f 1  |g 0  |h N  |i 0  |k 1 
TYP |a Monograph 
TYP |a Printed language 
980 |a Mạng thư viện Đại học Đà Nẵng